LIBRARY & INFORMATION CENTRE, KCAET, TAVANUR

ONLINE PUBLIC ACCESS CATALOGUE (OPAC)

Building of the Modern world, part 1 , The childhood of the Western Nations / (Record no. 1241)

MARC details
000 -LEADER
fixed length control field 00446cam a2200157ua 4500
041 ## - LANGUAGE CODE
Language code of text/sound track or separate title eng
082 ## - DEWEY DECIMAL CLASSIFICATION NUMBER
Classification number 930
Item number BRE/BU
100 ## - MAIN ENTRY--AUTHOR NAME
Personal name Brendon, J.A .
245 ## - TITLE STATEMENT
Title Building of the Modern world, part 1 , The childhood of the Western Nations /
260 ## - PUBLICATION, DISTRIBUTION, ETC. (IMPRINT)
Place of publication London :
Name of publisher Edward Arnold publishers Ltd ,
Year of publication 1961.
300 ## - PHYSICAL DESCRIPTION
Number of Pages 192 ; .
700 1# - ADDED ENTRY--PERSONAL NAME
Personal name Hist.S, F.R .
942 ## - ADDED ENTRY ELEMENTS (KOHA)
Koha item type Books
Holdings
Withdrawn status Lost status Damaged status Home library Current library Date acquired Full call number Accession Number Koha item type
Withdrawn     KAUAET Malayalam University 07/04/2012 930 4795 Books
free website counter